1102 1994 1872 1867 1680 1174 1225 1513 1055 1794 1334 1617 1812 1812 1988 1801 1048 1905 1882 1135 1654 1509 1298 1863 1268 1952 1191 1243 1521 1095 1541 1599 1689 1508 1274 1131 1954 1808 1663 1605 1327 1533 1125 1521 1832 1154 1512 1962 1256 1772 1113 1459 1545 1317 1938 1137 1479 1783 1447 1250 1921 1651 1156 1633 1081 1945 1309 1261 1671 1060 1502 1873 1869 1585 1960 1595 1238 1312 1859 1809 1350 1135 1156 1513 1977 1436 1772 1458 1965 1957 1878 1804 1797 1512 1061 1596 1073 1071 1128 BCNSPRNW ULIB Ver.6.0+V

เปลี่ยนเป็นภาษาไทย

Change to English
 แสดงรายละเอียดบรรณานุกรม
  กลับหน้าหลัก

Brief Record : Get Marc (ISO 2709) : E-mail record : QR code < ปิดหน้าต่าง
LEADER : 00000nam 2200000uu 4500
001    13399110388
003     ULIB
008    110429s2548||||th 000 0 tha d
020    9749304233
060 04 WO100^bศ338 2548
245 00 ศัลยศาสตร์วิวัฒน์ 29 :^bGastrointestinal endoscopy /^cบรรณาธิการ, ทวี รัตนชูเอก ... [และคนอื่นๆ]
246 31 Gastrointestinal endoscopy
250    พิมพ์ครั้งที่ 1
260    กรุงเทพฯ :^bกรุงเทพเวชสาร,^c2548
300    ก-ซ, 331 หน้า :^bภาพประกอบ,^c21 ซม.
650  7 กระเพาะอาหาร, การส่องตรวจด้วยกล้อง
650  7 กระเพาะอาหารและสำไล้, ศัลยกรรม
650  7 ศัลยศาสตร์
700 0  ทวี รัตนชูเอก,^eบรรณาธิการ
945    ^p380^l0^i018795
995    ทศพร
999 ^a ใช้งานได้ทุกระบบ
รายการนี้ยังไม่มีแท็ก
คุณยังไม่ได้ล็อกอิน คุณสามารถมีกิจกรรมร่วมกับเว็บไซต์ได้ แต่ต้องล็อกอินก่อน ::
  ล็อกอิน

รายการสื่อสารสนเทศ

ลำดับที่ ประเภท เลขเรียก/บาร์โค้ด สถานที่ สถานะ
1. วิทยาศาสตร์การแพทย์ และสุขภาพ
วิทยาศาสตร์การแพทย์ และสุขภาพ
สถานะ=หนังสือเก่า
WO100 ศ338 2548 ฉ.1 
  Barcode: 018795
ห้องสมุดวิทยาเขตสวรรค์ประชารักษ์
►ส่วนจัดเก็บหนังสือเก่า สปร
บนชั้น
  ขอยืม

รายการใกล้เคียง
    หัวเรื่อง [ศัลยศาสตร์]

BibComment


ยังไม่เคยถูกคอมเมนท์

คอมเมนท์ทรัพยากรรายการนี้
  คอมเมนท์: ศัลยศาสตร์วิวัฒน์..


 Copyright 2026. Bcnsprnw @Library